Distinctive characteristics and common features of African cultural areas south of the Sahara.

Bibliographic Details
Corporate Author: Unesco
Format: Book
Language:English
Published: Paris : Unesco, 1985.
Series:Introduction to African culture ; 7.
Subjects:

MARC

Tag First Indicator Second Indicator Subfields
LEADER 00000cam a2200000 a 4500
001 in00000008568
005 20151003070022.0
008 861107s1985 fr b i10000 eng
010 |a  86222122  
020 |a 9231023160 (pbk.) 
035 |a (OCoLC)14940800 
035 |9 AAA0965AM 
040 |a DLC  |c DLC  |d m/c  |d TXA  |d UtOrBLW 
043 |a fb----- 
050 0 0 |a GN645  |b .D57 1985 
082 0 |a 306/.0967  |2 19 
245 0 0 |a Distinctive characteristics and common features of African cultural areas south of the Sahara. 
264 1 |a Paris :  |b Unesco,  |c 1985. 
300 |a 149 pages ;  |c 21 cm. 
336 |a text  |b txt  |2 rdacontent 
337 |a unmediated  |b n  |2 rdamedia 
338 |a volume  |b nc  |2 rdacarrier 
490 1 |a Introduction to African culture ;  |v 7 
500 |a Papers presented to a symposium organized by Unesco, and held in Accra, 1980. 
504 |a Includes bibliographical references. 
505 0 |a Africa, the culture and the continent / by David Dalby -- Definition of Fulbe culture / by Djibril Diallo -- A critical analysis of the criteria or parameters used to define African cultural areas / by Anta Diop -- The specificities and dynamics of African Negro cultures : the Yoruba area / by I.A. Akinjogbin -- Cultural specificity and convergence in Madagascar / by Bar- Joana Randriamandimby -- The West Atlantic coast : cultural convergence and diversity in Sierra Leone and Liberia / by C. Magbaily Fyle -- Origins, foundations, and evolution of Swahili culture / by Sayyid Hurreiz -- Some reflections on the cultural specificity and convergences in the different areas south of the Sahara : the case of Zaire / by Sebahire Mbonyinkebe and Kamanzi Bimanyu. 
650 0 |a Ethnology  |z Africa, Sub-Saharan  |x Congresses. 
651 0 |a Africa, Sub-Saharan  |x Social life and customs  |x Congresses. 
651 0 |a Africa, Sub-Saharan  |x Civilization  |x Congresses. 
710 2 |a Unesco. 
830 0 |a Introduction to African culture ;  |v 7. 
999 |a MARS 
999 f f |s acb7fc12-ff04-3eab-88b5-c7034aa58ce0  |i 6bddb242-bc1e-3c23-a965-cdad51eb2580  |t 0 
952 f f |p ric  |a Texas A&M University  |b Rellis Campus  |c Joint Library Facility  |d Remote Storage  |t 0  |e GN645 .D57 1985  |h Library of Congress classification  |i unmediated -- volume  |m A14812561776 
998 f f |a GN645 .D57 1985  |t 0  |l Remote Storage